000
00320nam a2200133Ia 4500
008
230917s9999||||xx |||||||||||||| ||und||
040
_e
127346
_a
MAIN
041
_a
English
082
_a
350.1 K156K
100
_a
Kataria, Surender
245
0
_a
Karmik parshasan
260
_a
Jaipur
_b
RBSA Publishers
_c
369
942
_c
BK
999
_c
93310
_d
93310